000 00251nam a2200109Ia 4500
008 190216s9999||||xx |||||||||||||| ||und||
100 _aWilliam Gold Man
245 2 _aA Key To The Site
260 _bPan Books London
650 _aEnglish
942 _cBK
999 _c12773
_d12773